000 00741nam a22002297a 4500
003 UA-OsUOA
001 81126
007 ta
008 20120119b un ||||| |||| 00| 0 ukr d
090 _a82.09(477)(092)
_bД40
942 _cBK
040 _aUA-OsUOA
_bukr
_cUA-OsUOA
_dUA-OsUOA
245 _aДжерела інтерпретації
_bЮвілейний збірник на пошану проф. Борєва Ю.
_cза ред. В. Скотний, М. Зимомря
300 _a764 с.
955 _a2
041 _aukr
080 _a82.09(477)(092)
020 _a966-7996-53-0
260 _aДрогобич
_bКОЛО
_c2006
650 7 _a82 Література. Літературознавство
_2UDC
999 _c367432
_d367432